| 000 | 00488nam a2200181Ia 4500 | ||
|---|---|---|---|
| 999 |
_c31853 _d31853 |
||
| 003 | 0100 | ||
| 005 | 20190219085225.0 | ||
| 008 | 130303s9999 xx 000 0 und d | ||
| 040 | _cARRUPELIB | ||
| 050 | _aBX2185.C3413 1972 | ||
| 100 |
_aCarretto, Carlo _97586 |
||
| 245 |
_aLetters from the Desert _cCarlo Carretto |
||
| 260 |
_aLondon _bOrbis Books _c1972 |
||
| 300 |
_axi, 146p. ; _c19cm. |
||
| 700 |
_aTranslated by Rose Mary Hancock with a foreword by Ivan Illich _944728 |
||
| 942 |
_2lcc _cMONOGRAPH |
||